000 00564nam a2200229Ia 4500
003 OSt
005 20221005121514.0
006 a|||||r|||| 00| 0
007 ta
008 221004b |||||||| |||| 00| 0 kan d
024 _a61848
037 _cTextual
040 _aCRL
_cCRL
_bkan
041 _2kan
_akan
082 _aR6892, 33H0
100 _aSreenivasacharya
_9630699
245 0 _aHindu dharshanasara
260 _c1940
650 _aPHILOSOPHY
942 _hR6892, 33H0
_cTEXL
_2cc
999 _c1041325
_d1041325